=LDR 00000nam 2200000 4500 =001 INLIS000000000027757 =005 20130612130116 =008 ***********************************Ind** =035 ##$$0010-061300000027757 =041 ##$$a Ind =082 ##$$a 372.7 =090 ##$$a 372.7, Suk d =100 ##$$a Sukresno, Ery =245 ##$$a Delapan kiat membantu anak mencintai matematika, 30 permainan matematika untuk anak pra sekolah, oleh Ery Sorkresno, Irwan Rinaldi =260 ##$$a 2001 $b Bandung =300 ##$$a xiv, 94 hlm, ilus, 19 cm =650 ##$$a Pendidikan dasar-matematika =850 ##$$a NBPNMAT